000 01050nam a2200337 a 4500
001 000044327
003 DO-SdBNP
005 20180326151322.0
007 000044327
008 140613s2014 dr a 000 p spa d
020 _a9789945497199
040 _aBPMSU
_bspa
_cBPMSU
082 _aRD861.5
_bF817p
100 1 _aEsquea, Rosa Francia
245 1 0 _aPoemas de mi tierra /
_cRosa Francia Esquea; ilustraciones Rebeca Jiménez Pintos.
260 _aSanto Domingo :
_bSantillana,
_c2014.
300 _a41 p. ;
_c19 cm.
490 1 _aAlfaguara infantil
500 _aPara niños de seis años en adelante
500 _aIncluye datos biografícos de la autora
650 _aPOESÍA DOMINICANA
651 _aLITERATURA DOMINICANA
700 1 _aJiménez Pintos, Rebeca
_eil.
830 0 _aAlfaguara infantil
930 1 _l Reusar registro
_m
_8
_f
_p
_g
942 _2ddc
_cBK
945 _aRemanejado para la BNPHU / 2018 VM
956 _a
_b
_c
_l
_h
956 _a
_b
_c
_l
_h
956 _a VMATEO
_b 10
_c20150415
_lBPMSU
_h00151
999 _c7643
_d7643